Normal view
MARC view
- Build a Remote Controlled Robot
Entry Topical Term
001 - CONTROL NUMBER
- control field: 124307
003 - CONTROL NUMBER IDENTIFIER
- control field: NUST
005 - DATE AND TIME OF LATEST TRANSACTION
- control field: 20240709173519.0
008 - FIXED-LENGTH DATA ELEMENTS
- fixed length control field: 240709|| aca||aabn | a|a d
040 ## - CATALOGING SOURCE
- Original cataloging agency: NUST
- Transcribing agency: NUST
150 ## - HEADING--TOPICAL TERM
- Topical term or geographic name entry element: Build a Remote Controlled Robot
670 ## - SOURCE DATA FOUND
- Source citation: Work cat.: (NUST): Shircliff, .R David 124306, Build a Remote Controlled Robot, 2002.
